Laplace transformation : theory and engineering applications /
Guardado en:
| Autor Principal: | |
|---|---|
| Formato: | Libro |
| Idioma: | English |
| Publicado: |
London :
Longmans, Green and Co,
1957.
|
| Etiquetas: |
Agregar Etiqueta
Sin Etiquetas, Sea el primero en etiquetar este registro!
|
| LEADER | 00550nam a22001575a 4500 | ||
|---|---|---|---|
| 001 | MAT.inmabb000714 | ||
| 008 | 031118s1957####enk###########001#0#eng#d | ||
| 005 | 20130320095307.0 | ||
| 245 | 1 | 0 | |a Laplace transformation : |b theory and engineering applications / |c by William Tyrrell Thomson. |
| 260 | |a London : |b Longmans, Green and Co, |c 1957. | ||
| 300 | |a ix, 230 p. ; |c cm. | ||
| 500 | |a "First edition published in the U.S.A. 1950." | ||
| 510 | 4 | |a MR, |c 12,699d | |
| 100 | 1 | |a Thomson, William Tyrrell. | |
| 084 | |a 44A10 |2 msc2000 | ||
| 859 | |h 44 |i T482 |p A-529 |b BIB. MATEMATICA | ||
